The rhetorical structure and evaluative language of restaurant review in I.M magazine /
Saved in:
| 主要作者: | |
|---|---|
| 格式: | Thesis 图书 |
| 语言: | English |
| 出版: |
2019.
|
| 主题: | |
| 在线阅读: | http://studentsrepo.um.edu.my/10641/ |
| 标签: |
添加标签
没有标签, 成为第一个标记此记录!
|
| LEADER | 01475cam a2200373 i 4500 | ||
|---|---|---|---|
| 001 | u1122825 | ||
| 003 | SIRSI | ||
| 005 | 201909191243 | ||
| 008 | 190919s2019 my a m 000 0 eng | ||
| 040 | |a UMM |d AUM |e rda | ||
| 090 | |a P121 |b UM 2019 Nadhz | ||
| 100 | 0 | |a Nadiah Husna Zainuddin, |e author. | |
| 245 | 1 | 4 | |a The rhetorical structure and evaluative language of restaurant review in I.M magazine / |c Nadiah Husna Binti Zainuddin. |
| 264 | 1 | |c 2019. | |
| 300 | |a xii, 160 leaves : |b colour illustrations ; |c 30 cm | ||
| 336 | |a text |2 rdacontent | ||
| 337 | |a unmediated |2 rdamedia | ||
| 337 | |a computer |2 rdamedia | ||
| 338 | |a volume |2 rdacarrier | ||
| 338 | |a computer disc |2 rdacarrier | ||
| 502 | |b M.Ling. |c Jabatan Bahasa Inggeris, Fakulti Bahasa dan Linguistik, Universiti Malaya |d 2019. | ||
| 504 | |a Bibliography: leaves 118-126. | ||
| 530 | |a Also issued in CD. | ||
| 650 | 0 | |a Rhetorical criticism. | |
| 650 | 0 | |a Food writing. | |
| 650 | 0 | |a Food writers. | |
| 650 | 0 | |a English language |x Rhetoric. | |
| 650 | 0 | |a Periodicals |x Reviews. | |
| 710 | 2 | |a Universiti Malaya. |b Jabatan Bahasa Inggeris, |e degree granting institution. | |
| 856 | 4 | 1 | |u http://studentsrepo.um.edu.my/10641/ |
| 900 | |a NNANS NSM | ||
| 596 | |a 1 25 | ||
| 999 | |a P121 UM 2019 NADHZ |w LC |c 1 |i A517346852 |f 27/9/2019 |g 1 |l STACKS |m P01UTAMA |r Y |s Y |t TESIS |u 27/9/2019 |1 AHSS | ||
| 999 | |a P121 UM 2019 NADHZ |w LC |c 1 |i A517277074 |f 4/10/2019 |g 1 |l STACKS |m P25UMARCHI |r N |s Y |t CD |u 4/10/2019 |1 AHSS |o .STAFF. MST-CD435 | ||
